000
00302nam a22001217a 4500
008
260424b |||||||| |||| 00| 0 eng d
082
_a
001074
100
_a
Narayanachar, K S
245
_a
Rajaneeti Rahadharma
260
_a
Hubli
_b
Sahitya Prakashana
_c
2013 2016
300
_a
352 336 320
942
_2
ddc
999
_c
1312
_d
1312